Welcome to CU Library Online Public Access Catalogue (OPAC)

Walk, don't die : (Record no. 2962)

MARC details
000 -LEADER
fixed length control field 00834cam a2200241 a 4500
001 - CONTROL NUMBER
control field 3807475
005 - DATE AND TIME OF LATEST TRANSACTION
control field 20250124094820.0
008 - FIXED-LENGTH DATA ELEMENTS--GENERAL INFORMATION
fixed length control field 851108s1986 paua b 001 0 eng
020 ## - INTERNATIONAL STANDARD BOOK NUMBER
International Standard Book Number 0934232067 :
Terms of availability $18.95 ($19.95 Can.)
020 ## - INTERNATIONAL STANDARD BOOK NUMBER
International Standard Book Number 0934232059 (pbk.)
050 00 - LIBRARY OF CONGRESS CALL NUMBER
Classification number RA781.65
Item number .S876 1986
082 00 - DEWEY DECIMAL CLASSIFICATION NUMBER
Classification number 613.7/1
Edition information 19
100 1# - MAIN ENTRY--PERSONAL NAME
Personal name Stutman, Fred A.
245 10 - TITLE STATEMENT
Title Walk, don't die :
Remainder of title how to stay fit, trim, and healthy without killing yourself /
Statement of responsibility, etc. by Fred A. Stutman.
250 ## - EDITION STATEMENT
Edition statement 1st ed.
260 ## - PUBLICATION, DISTRIBUTION, ETC.
Place of publication, distribution, etc. Philadelphia, PA :
Name of publisher, distributor, etc. Medical Manor Books,
Date of publication, distribution, etc. 1986.
300 ## - PHYSICAL DESCRIPTION
Extent xiii, 241 p. :
Other physical details ill. ;
Dimensions 22 cm.
650 #0 - SUBJECT ADDED ENTRY--TOPICAL TERM
Topical term or geographic name entry element Fitness walking.
650 #0 - SUBJECT ADDED ENTRY--TOPICAL TERM
Topical term or geographic name entry element Physical fitness.
650 #0 - SUBJECT ADDED ENTRY--TOPICAL TERM
Topical term or geographic name entry element Health.
856 42 - ELECTRONIC LOCATION AND ACCESS
Materials specified Contributor biographical information
Uniform Resource Identifier <a href="http://www.loc.gov/catdir/enhancements/fy1203/85063360-b.html">http://www.loc.gov/catdir/enhancements/fy1203/85063360-b.html</a>
942 ## - ADDED ENTRY ELEMENTS (KOHA)
Source of classification or shelving scheme Library of Congress Classification
Koha item type Books
Edition 1st ed.
Suppress in OPAC No
999 ## -
-- 2962
-- 2962
Holdings
Withdrawn status Lost status Source of classification or shelving scheme Damaged status Not for loan Collection Home library Current library Shelving location Date acquired Total checkouts Full call number Barcode Date last seen Copy number Price effective from Koha item type
    Library of Congress Classification     Non-fiction Science Library (Miotso) Science Library (Miotso) General stacks 01/24/2025   RA781.65 .S876 STU SLM00002336 01/24/2025 1 01/24/2025 Books
© 2023-2024 Copyright: Central University Libraries. All Rights Reserved | Created by: Mahone Tech Office